| 000 | 01300nac a22003371i 4500 | ||
|---|---|---|---|
| 003 | EG-ScBUE | ||
| 005 | 20260414135012.0 | ||
| 008 | 260414s2001 enka f b 001 0 eng d | ||
| 020 | _a9780521004398 | ||
| 020 | _a052100439X | ||
| 040 |
_aEG-ScBUE _beng _erda _cEG-ScBUE _dEG-ScBUE |
||
| 082 | 0 | 4 |
_a573.88198 _bCOL _222 |
| 245 | 0 | 0 |
_aColor vision : _bfrom genes to perception / _cedited by Karl R. Gegenfurtner, Lindsay T. Sharpe. |
| 250 | _aReprint edition. | ||
| 264 | 1 |
_aCambridge ; _aNew York : _bCambridge University Press, _c2001. |
|
| 300 |
_ax, 492 pages : _billustrations (some color) ; _c25 cm |
||
| 336 |
_2rdacontent _atext _btxt |
||
| 337 |
_aunmediated _2rdamedia _bn |
||
| 338 |
_avolume _bnc _2rdacarrier |
||
| 504 | _aIncludes bibliographical references and index. | ||
| 650 | 7 |
_aColor vision. _2BUEsh |
|
| 650 | 7 |
_aVisual perception. _2BUEsh |
|
| 650 | 7 |
_aVisual cortex. _2BUEsh |
|
| 655 | _vReading book | ||
| 700 | 1 |
_aGegenfurtner, Karl R., _eeditor. |
|
| 700 | 1 |
_aSharpe, L. T., _eeditor. |
|
| 856 | 4 | 1 |
_3Sample text _uhttp://www.loc.gov/catdir/samples/cam032/99031224.html |
| 856 | 4 | 1 |
_3Publisher description _uhttp://www.loc.gov/catdir/description/cam0210/99031224.html |
| 856 | 4 | 1 |
_3Table of contents _uhttp://www.loc.gov/catdir/toc/cam026/99031224.html |
| 942 |
_cBB _2ddc |
||
| 999 |
_c5730 _d5730 |
||